000
003190000a22001450004500
003
MACL
040
_a
MACL
090
_c
8646
_d
8645
100
_a
Jawaid, M A
245
_a
Minorities of India
_b
Problems and Prospects
260
_b
Manak Publications
_c
2007
350
_a
975
650
_a
Sociology
942
_c
BOOK
_k
300
999
_c
8592
_d
8592